[Event "Tata Steel-C 74th"]
[Site "Wijk aan Zee"]
[Date "2012.01.16"]
[Round "3"]
[White "Brandenburg, Daan"]
[Black "Grover, Sahaj"]
[Result "1/2-1/2"]
[WhiteElo "2527"]
[BlackElo "2532"]
[Annotator "Let's Check"]
[PlyCount "119"]
[EventDate "2012.01.14"]
[EventType "tourn"]
[EventRounds "13"]
[EventCountry "NED"]
[EventCategory "9"]
[SourceTitle "CBM 147"]
[Source "ChessBase"]
[SourceDate "2012.03.16"]
[SourceVersion "1"]
[SourceVersionDate "2012.03.16"]
[SourceQuality "1"]

1. e4 e6 2. d4 d5 3. Nd2 c5 4. Ngf3 Nc6 5. exd5 exd5 6. Bb5 Bd6 7. dxc5 Bxc5 8.
O-O Nge7 9. Nb3 Bb6 10. Re1 O-O 11. Be3 Bxe3 12. Rxe3 Bg4 13. h3 Bh5 14. Be2
Qb6 15. Nfd4 Bxe2 16. Rxe2 Rfe8 17. c3 Rad8 18. Qd2 Nxd4 19. Nxd4 Nc6 20. Rae1
Rxe2 21. Nxe2 h6 22. Rd1 Qa5 23. b3 b5 24. Qc2 Qb6 25. Rd3 b4 26. Qd2 bxc3 27.
Nxc3 d4 28. Ne2 Kh8 29. Qf4 Qb5 30. Rd2 Qd5 31. Nc3 Qe6 32. Ne4 Rd5 33. Ng3 Re5
34. Kh2 Kh7 35. Qf3 Qd5 36. Qf4 f6 37. Ne2 Re4 38. Qg3 Qa5 39. Qd3 f5 40. Ng3
Ne5 41. Qc2 d3 42. Qd1 Rf4 43. Qe1 Qd5 44. Qe3 Rh4 45. f3 Kg6 46. Qxa7 Rd4 47.
Qc7 h5 48. Nf1 f4 49. Rd1 Nd7 50. Nd2 Nf6 51. h4 Kh6 52. a4 Qe6 53. Rc1 Qe2 $2
(53... Qe3 54. Nf1 Qf2 $14) 54. Rc4 $18 Nd5 55. Qd6+ (55. Qc6+ Nf6 56. Rxd4)
55... Kh7 $18 56. Rc6 $1 (56. Ne4 $2) 56... Qe8 $2 (56... Ne7 57. Qxd4 Nxc6)
57. Rc4 $4 (57. a5 Ne7 58. Qxd4 $18) 57... Rxc4 $4 (57... Qe1 58. Ne4 Qxh4+ $19
) 58. Nxc4 $2 (58. bxc4 Qe1 59. Qxd5 $18) 58... Qe1 $11 59. Qxd5 Qg3+ 60. Kg1
1/2-1/2

[Event "Olympiad-32"]
[Site "Yerevan"]
[Date "1996.09.19"]
[Round "4.4"]
[White "Svidler, Peter"]
[Black "Lobron, Eric"]
[Result "1-0"]
[WhiteElo "2650"]
[BlackElo "2585"]
[Annotator "Makarichev,S"]
[PlyCount "121"]
[EventDate "1996.09.15"]
[EventType "team-swiss"]
[EventRounds "14"]
[EventCountry "ARM"]
[SourceTitle "CBM 055"]
[Source "ChessBase"]
[SourceDate "1996.12.01"]
[SourceVersion "1"]
[SourceVersionDate "1996.12.01"]
[SourceQuality "1"]
[WhiteTeam "Russia"]
[BlackTeam "Germany"]
[WhiteTeamCountry "RUS"]
[BlackTeamCountry "GER"]

1. e4 e6 2. d4 d5 3. Nd2 c5 4. exd5 exd5 5. Ngf3 Nc6 6. Bb5 Bd6 7. O-O Nge7 8.
dxc5 Bxc5 9. Nb3 Bb6 10. Re1 O-O 11. Be3 Bg4 (11... Bf5 $1 $132) 12. h3 $1 Bxf3
13. Qxf3 Ne5 14. Qh5 N7g6 15. Rad1 $40 Rc8 (15... a6 $6 16. Bf1 Rc8 17. Bxb6
Qxb6 18. Rxe5 Nxe5 19. Qxe5 Rxc2 20. Rd2 $16 {Psakhis,L-Lputian,S/Yerevan/1988/
}) 16. c3 a6 17. Bf1 Re8 18. g3 $1 {/^ g2-d5/} (18. Bxb6 Qxb6 19. Rxd5 $4 Nf3+
$1) 18... Qf6 19. Bg2 $16 Bxe3 20. Rxe3 Nc4 21. Rxe8+ Rxe8 22. Bxd5 Nxb2 23.
Rd4 $16 b5 $8 24. Nd2 $1 Re5 25. Qg4 Qf5 $8 (25... h5 $2 26. Qc8+ Kh7 27. Ne4 (
27. Nf3 $2 Ne7 $1) 27... Qe7 (27... Qf5 28. Qxf5 Rxf5 29. Nd6 $18) 28. h4 $1 {
/\29.Ng5+} f6 (28... Nxh4 29. gxh4 Qxh4 30. Bxf7 $18) 29. Qg8+ Kh6 30. f4 $1
Rf5 (30... Rxd5 31. Qxd5 $18) 31. Be6 $1 $18 Rc5 32. Rd7) (25... Ne7 $2 26. Ne4
$1 Qg6 (26... Qf5 27. Bxf7+ $1 $18 Kxf7 (27... Qxf7 28. Rd8+) 28. Nd6+) 27. Nd6
$1 $18 Qxd6 (27... Rxd5 28. Rxd5 Nxd5 29. Qc8#) 28. Bxf7+) 26. Qxf5 Rxf5 27. f4
$16 Nf8 28. g4 Rf6 29. f5 {xb2/} h6 (29... Na4 $2 30. Ne4 Rb6 31. Ng5 $18) 30.
Ne4 Rb6 31. Bb3 {/\32.Rd8; xf7/} Nc4 $8 32. Bxc4 bxc4 33. Rxc4 Nd7 34. Rc8+ Kh7
35. Rc7 Nf6 36. Nxf6+ Rxf6 37. Kf2 g6 38. Rc5 $1 Rb6 39. Kf3 gxf5 40. gxf5 Rb2
41. a4 Kg7 42. a5 Kf6 43. Ke4 Re2+ 44. Kd4 h5 (44... Rh2 45. Rc6+ Kxf5 46. Rxh6
f6 47. Kc5 Ra2 (47... Ke5 48. c4 f5 49. Rxa6 f4 50. Ra8 Ra2 51. a6 f3 52. a7 f2
53. Re8+ Kf4 54. a8=Q $1 $18) 48. Kb6 Ke5 49. Kxa6 $1 (49. c4 $2 f5 50. c5 f4
51. c6 f3 52. c7 Rb2+ $1 $13) 49... f5 50. Rh8 f4 51. Rf8 Ke4 52. c4 $1 (52. h4
$2 f3 53. h5 Rh2 $13) 52... f3 53. c5 Rc2 54. Kb6 f2 (54... Rb2+ 55. Kc7 Ra2
56. c6 Rxa5 57. Kb6 $18) 55. a6 Ke3 56. a7 Ra2 57. c6 $18) 45. Rc6+ $1 Kxf5 46.
Rxa6 Re4+ 47. Kd5 Re3 48. Kc4 Rxh3 49. Rc6 $1 Rh1 50. a6 Ra1 51. Kb4 Kg4 (51...
h4 52. Rc5+ Kg4 53. Ra5 Rb1+ 54. Kc5 Rb8 55. a7 Ra8 56. Kb6 h3 57. Kb7 h2 58.
Ra1 $18) 52. Rc4+ Kg3 53. Kb5 h4 (53... Rb1+ 54. Rb4) 54. Ra4 Rb1+ 55. Kc5 Rb8
56. a7 Ra8 57. Kb6 h3 58. Kb7 h2 59. Ra1 Rxa7+ 60. Kxa7 f5 61. Kb6 $1 $18 (61.
c4 $4 f4 62. c5 f3 63. c6 Kg2 64. c7 h1=Q 65. Rxh1 Kxh1 66. c8=Q f2 $10) (61.
Kb6 f4 62. Kc5 f3 63. Kd4 f2 64. Ke3 Kg2 65. Ke2 $18) 1-0

[Event "Berga op"]
[Site "Berga"]
[Date "1995.??.??"]
[Round "6"]
[White "Magem Badals, Jordi"]
[Black "Spassov, Liuben"]
[Result "1-0"]
[WhiteElo "2560"]
[BlackElo "2450"]
[Annotator "Marin,M"]
[PlyCount "45"]
[EventDate "1995.??.??"]
[EventType "swiss"]
[EventRounds "9"]
[EventCountry "ESP"]
[SourceTitle "EXT 1997"]
[Source "ChessBase"]
[SourceDate "1996.11.15"]
[SourceVersion "1"]
[SourceVersionDate "1996.11.15"]
[SourceQuality "1"]

1. e4 c5 2. Nf3 e6 3. c3 d5 4. exd5 exd5 5. d4 Nc6 6. Bb5 Bd6 7. O-O Nge7 8.
dxc5 Bxc5 9. Nbd2 O-O 10. Nb3 Bd6 11. Bd3 Re8 12. Re1 Bd7 13. h3 Rc8 14. Be3
Bb8 (14... h6) 15. Ng5 Bf5 $4 (15... g6) 16. Qh5 Bg6 (16... Bxd3 17. Qxf7+ Kh8
18. Ne6) 17. Bxg6 Nxg6 18. Qxh7+ Kf8 19. Bc5+ Nce7 20. Nd4 Rxc5 21. Nde6+ fxe6
22. Nxe6+ Kf7 23. Qxg7# 1-0

[Event "Biel GM 50th"]
[Site "Biel"]
[Date "2017.08.02"]
[Round "9"]
[White "Navara, David"]
[Black "Vaganian, Rafael A"]
[Result "1-0"]
[WhiteElo "2737"]
[BlackElo "2562"]
[Annotator "Marin,M"]
[PlyCount "83"]
[EventDate "2017.07.24"]
[EventType "tourn"]
[EventRounds "9"]
[EventCountry "SUI"]
[EventCategory "16"]
[SourceTitle "CBM 180"]
[Source "ChessBase"]
[SourceDate "2017.09.13"]
[SourceVersion "1"]
[SourceVersionDate "2017.09.13"]
[SourceQuality "1"]

1. e4 e6 2. d4 d5 3. Nd2 c5 4. Ngf3 Nc6 5. exd5 exd5 6. Bb5 Bd6 {This is the
classic move order but it allows White to play against the Isolani without
occuying the d4-square, which offers him some liberty when choosing a plan.
The present game features one of the most unpleasant (for Black) setups.} ({
Two other moves deserve trying, namely} 6... cxd4 7. Nxd4 (7. O-O Bd6 8. Nb3
Nge7 9. Nbxd4 O-O) 7... Qe7+) ({and} 6... Qe7+ {Ponomariov,R (2699)
-Harikrishna,P (2737) Biel 2017 CBM 180 [Marin] (0-1, 58)}) 7. dxc5 Bxc5 8. O-O
Nge7 9. Nb3 Bd6 10. h3 ({The other move order trying to reach the main setup
is less accurate:} 10. c3 Bg4 $1 (10... O-O 11. Bd3 $1 {preventing ...Bg4 in
view of Bxh7!+} h6 12. h3 {just transposes to the main game.}) 11. Nbd4 O-O 12.
Be2 (12. Qa4 {Karpov,A (2700)-Kortschnoj,V (2670) Moscow 1974 Candidates 
[ChessBase] (1/2-1/2, 51)}) 12... Re8 {Karpov,A (2700)-Kortschnoj,V (2670)
Moscow 1974 Candidates [ChessBase] (1/2-1/2, 45)}) 10... O-O 11. Bd3 {White's
plan is slightly unusual for the play against the Isolani. White intends
weakening the enemy kingside by setting up the battery along the b1-h7
diagonal.} h6 {Black also restricts the c1-bishop, preparing ...Nf5 followed
by ...Qf6 without fearing Bg5. But this plan plays into White's hands as we
will see.} (11... Bf5 12. Re1 Qd7 13. Be3 {[%cal Ge3c5]} b6 14. c3 Rad8 15. Qc2
(15. Bb5 Be4 16. Nfd4 $14) 15... Bg6 (15... Bxd3 16. Qxd3 f6 {[%cal Gc6e5,
Ge5c4]}) 16. Bxg6 Nxg6 17. Rad1 $14 {Vachier Lagrave,M (2703)-Fridman,D (2645)
Warsaw 2010 (1-0, 57)}) (11... Re8 12. Re1 a6 13. c3 Bc7 14. Bc2 (14. Qc2 h6
15. Be3 $14) 14... Bf5 15. Bg5 Bxc2 16. Qxc2 Qd6 17. Bxe7 Nxe7 18. Re2 Ng6 19.
Rae1 Rxe2 20. Qxe2 h6 21. Nbd4 Nf4 22. Qc2 g6 $11 {Bruzon Batista,L (2653)
-Mousavi,S (2424) Bandar e Anzali 2017 (1-0, 34)}) 12. c3 ({Vaganian had faced
} 12. Be3 {before but should have equalised at some point:} Nf5 13. Bc5 Bxc5
14. Nxc5 Qb6 15. Nb3 Rd8 16. Qd2 a5 17. a4 Nb4 $6 (17... Nd6 18. Rfe1 Bd7 $11)
18. Nbd4 Nxd4 19. Nxd4 Qf6 20. Rfd1 Nc6 21. Be2 Qg6 22. Bd3 Qf6 23. Bf1 Qg6 24.
Ra3 $14 {McShane,L (2614)-Vaganian,R (2587) Germany 2007 (1-0, 39)}) 12... Nf5
13. Bc2 Be6 {This natural move is known to run into a more or less forced
variation resulting in a clear advantage for White.} (13... Re8 $5 {may offer
better chances for staying close to equality.} 14. Qd3 g6 15. Rd1 (15. Qd1 {
[%csl Gh6][%cal Gc2f5] Stevic,H (2592)-Timofeev,A (2671) Budva 2009 (1/2-1/2,
31)} Qf6 16. Qxd5 $6 Be6 17. Qd1 Rad8 $36) 15... Be6 16. Nbd4 ({This is more
consistent than pawn grabbing:} 16. Qd2 Bf8 17. Bxf5 Bxf5 18. Qxd5 Qf6 19. Nbd4
Be4 20. Qb5 Nxd4 21. Nxd4 a6 22. Qf1 Rad8 23. Be3 Bd6 $44 {Rublevsky,S (2703)
-Kovalev,A (2515) Ohrid 2009 (½-½, 33); with a "Marshall attack" type of
compensation due to the strong bishops.}) 16... Ncxd4 17. Nxd4 Qf6 $6 (17...
Bc7 $1 18. Nxe6 Rxe6 $11 {This is where the rook proves useful on e8.}) 18.
Nxe6 fxe6 19. Qf3 {[%cal Gg2g4]} Qe5 (19... Rf8 20. Bxf5 gxf5 21. Bf4 $14) (
19... Qg7 20. Bf4 $14) 20. Bxf5 Qxf5 21. Qxf5 gxf5 22. Bxh6 $16 {D'Amore,C 
(2481)-Fish,G (2531) Kallithea 2008 (0-1, 87)}) 14. Qd3 ({Probably the
strongest even though} 14. Nbd4 {looks good enough:} Ncxd4 15. Nxd4 Qf6 16. Qd3
g6 17. Nxe6 fxe6 18. Bd2 h5 19. Rae1 $14 {Van Foreest,L (2314)-Sprenger,J 
(2510) Netherlands 2016 (1/2-1/2, 66). Black's structure does not look too
inspiring.}) 14... Qf6 (14... g6 15. Re1 Re8 16. Nbd4 $2 {Hard to believe that
this is a decisive blunder.} (16. g4 $16) 16... Nfxd4 17. cxd4 (17. Nxd4 Bf5
18. Rxe8+ Qxe8 19. Qe3 Nxd4 20. Bxf5 Nxf5 $19) 17... Bf5 18. Qd1 Bxc2 19. Qxc2
Nxd4 20. Rxe8+ Qxe8 21. Qd1 Nxf3+ 22. gxf3 Qe5 $19 {Sibarevic,M (2350)
-Ivanovic,B (2470) Kladovo 1992 (1/2-1/2, 112)}) 15. g4 g6 {The spectacular
but ineffective defensive resource Black was counting on.} 16. Re1 (16. gxf5
Bxf5 17. Qxd5 (17. Qd1 Bxc2 18. Qxc2 Qxf3 $19) 17... Bxc2 18. Bxh6 Rad8 $5 19.
Bg5 Qh8 20. Bxd8 Rxd8 21. Qg5 Qxh3 $44) 16... Rfe8 17. Rxe6 $1 {White, too,
has his tricks. After eliminating the bishop he can safely grab the knight.} (
17. gxf5 Bxf5 18. Qxd5 (18. Qd1 Bxc2 19. Qxc2 Qxf3 $19) 18... Bxc2 19. Bxh6 Bf4
$44) (17. Qd2 Ng3 $2 (17... Ng7 $1 $11) 18. Nfd4 $6 (18. Kg2 Ne4 19. Qxh6 $16)
18... Bxg4 19. Rxe8+ Rxe8 20. fxg3 (20. Qxh6 $2 Ne2+ 21. Nxe2 Bh2+ $1 {0-1
Kummerow,H (2269)-Feldmann,J (2090) Frankfurt 2014}) 20... Bxh3 21. Qf2 Qxf2+
22. Kxf2 Ne5 23. Bf4 Ng4+ 24. Kg1 Bxf4 25. gxf4 Re3 {[%cal Ge3g3,Gg4f2]} 26.
Kh1 $8 Nf2+ (26... Rg3 $2 27. Rg1 $16) 27. Kg1 Ng4 $11) 17... fxe6 18. gxf5
gxf5 19. Bd2 $146 ({This does not change much compared to} 19. Nbd4 Ne7 20. Bd2
Rf8 21. Nb5 Bb8 22. c4 $16 {Altgelt,A (2220)-Von Hartlieb,J (2270) Germany
1994 (1-0, 60). Just curious why Vaganian did not know this game from the
times when he was still an active player.}) 19... Rad8 20. Kh1 $16 {With the
black centre vulnerable and immobile, the minor pieces are stronger than the
rook.} Kf7 21. Nbd4 Rg8 {Far from offering counterplay, this only allows a
winning combination.} 22. Re1 Rde8 23. Nxe6 $1 Rxe6 24. Qxd5 {[%cal Gc2f5,
Gc2b3]} Ne7 25. Qxe6+ (25. Qb3 $5) 25... Qxe6 26. Rxe6 Kxe6 27. Bb3+ Kf6 {
Black cannot defend the a2-g8 diagonal:} (27... Nd5 28. Nd4+ Ke5 29. f4+ Ke4 {
[%csl Gd5]} 30. Bc2# $1) 28. Bxg8 Nxg8 29. Kg2 {White is a pawn up and Black's
f-pawn is weak. These are enough reasons for counting on a win.} a6 30. a4 Bf8
31. c4 Ne7 32. Bc3+ Kf7 33. Ne5+ Ke6 34. Nd3 Ng6 35. Kf3 Bd6 36. Ke3 Ne7 37.
Bg7 Ng8 38. Kd4 b6 39. c5 Bc7 40. Kc4 a5 41. cxb6 Bxb6 42. Kb5 1-0

[Event "Biel GM 50th"]
[Site "Biel"]
[Date "2017.08.01"]
[Round "8"]
[White "Ponomariov, Ruslan"]
[Black "Harikrishna, Pentala"]
[Result "0-1"]
[WhiteElo "2699"]
[BlackElo "2737"]
[Annotator "Marin,M"]
[PlyCount "116"]
[EventDate "2017.07.24"]
[EventType "tourn"]
[EventRounds "9"]
[EventCountry "SUI"]
[EventCategory "16"]
[SourceTitle "CBM 180"]
[Source "ChessBase"]
[SourceDate "2017.09.13"]
[SourceVersion "1"]
[SourceVersionDate "2017.09.13"]
[SourceQuality "1"]

1. e4 e6 2. d4 d5 3. Nd2 c5 4. Ngf3 Nc6 5. exd5 exd5 6. Bb5 {This is one of
the lines examined in my article for CBM 164.} Qe7+ ({The other one is} 6...
cxd4 7. Nxd4 Qe7+ {As we see, both are based on an early ...Qe7.}) 7. Qe2 ({
The main alternative is} 7. Be2) 7... Qxe2+ 8. Kxe2 a6 {I did not consider
this move in my article. I thought it would waste an important tempo,
weakening the b6-square at the same time. On the other hand, forcing the
exchange on c6 also has some merits, as in the long run it may strengthen the
centre. The main danger is allowing White a blockade on c5 and d4.} (8... cxd4
9. Nxd4 {(1/2-1/2, 53) Vovk,A (2619)-Marin,M (2580) Mamaia 2015 CBM 169 [Marin,
M]. The game was played after I wrote the article.}) 9. Bxc6+ bxc6 10. Re1 {
A logical move, preparing to evacuate the king from the centre and harass the
enemy one.} (10. Ne5 {has the drawback of not fighting for the essential dark
squares.} f6 $5 (10... Bf5) 11. Nxc6 c4 12. c3 Bf5 $44 {Tomazini,Z (2390)
-Sedlak,N (2558) Graz 2015 (1-0, 61), White's knight has obviously got onto a
passive path.}) (10. dxc5 Bxc5 11. Nb3 Bd6 {may eventually transpose to the
main game, but play could also take an independent (though similar) course:}
12. Be3 Rb8 (12... Ne7 13. Bc5 Kd7 14. Ng5 Bf4 15. Nxf7 Rf8 16. g3 Rxf7 {
Navara,D (2725)-Fridman,D (2596) Tallinn (blitz) 2016 (1/2-1/2, 37)}) 13. Rab1
{Solozhenkin,E (2464)-Zvjaginsev,V (2660) St Petersburg 2015 (1/2-1/2, 26)} Nf6
{The best square for the knight. This last move explains the point behind the
game move.} 14. Rhe1 O-O $11) 10... f6 {A typical move, clearing the f7-square
for the king and restricting the enemy minor pieces.} 11. dxc5 ({The early
king retreat has the drawback of leaving the f3-knight undefended after a
future ...Bg4:} 11. Kf1+ Kf7 12. dxc5 a5 $6 (12... Bxc5 13. Nb3 Bd6 14. Be3 Bg4
$11) 13. Nb3 a4 14. Nbd4 Bd7 15. b4 axb3 16. Nxb3 $14 {0-1 (44) Chukavin,K 
(2096)-Fridman,D (2594) Tallinn 2017}) (11. c4 {is the type of move which
could create fsome strategic trouble or Black but only if White has enough
development, which is not the case yet:} Kf7 12. dxc5 (12. cxd5 cxd5 13. dxc5
a5 14. Kf1 Bxc5 15. Nb3 Bd6 16. Be3 Bg4 $11) 12... Bxc5 (12... a5 13. Kf1 Bxc5
$11) 13. Nb3 Bb6 (13... Bd6 14. cxd5 cxd5 15. Be3 Rb8 16. Rac1 Ne7 17. Bc5 Bf4
$11) 14. cxd5 cxd5 15. Be3 Bxe3 16. Kxe3 $14 {Stolwijk,C (2226)-Bodicker,R 
(2076) Amsterdam 2017 (1-0, 45)}) 11... Bxc5 12. Nb3 Bd6 13. Be3 (13. Kf1+ Ne7
14. Be3 {Gadimbayli,A (2334)-Yagubi,A (2422) Baku 2016 (1-0, 33)} Bg4 $11) {
White's plan has taken shape already, but the next typical move prevents him
from consolidating his control.} 13... a5 14. Bc5 (14. a4 {weakens the squares
along the b-file.} Ne7 15. Kf1 (15. Bc5 Kd7 $11 {White cannot increase his
domination on the dark squares. In fact he may lose ground soon.}) 15... Bg4
16. Bc5 Bxc5 17. Nxc5 Bxf3 18. gxf3 Kf7 19. Re6 Ra7 20. Rae1 Rb8 $11 {Lu,S 
(2617)-Gurevich,M (2542) Cappelle la Grande 2016 (0-1, 58)}) 14... Kd7 {
[%cal Ga5a4]} 15. Bb6 {Now that the king has been decoyed to the centre White
tries creating concrete threats against it.} (15. Bxd6 Kxd6 {[%cal Ga5a4,Gc6c5]
} 16. c4 {The only way to set up some problems.} dxc4 17. Nbd2 Ba6 18. Ne4+ Kc7
19. Nc5 Ne7 20. Nxa6+ Rxa6 21. Kf1 Nd5 22. Nd2 Rd8 23. Nxc4 Nb6 24. Ne3 Rd2 $11
) 15... Rb8 16. Nc5+ (16. Bxa5 Ba6+ 17. Kd2 c5 $36) 16... Ke8 $1 {Under the
changed circumstances the king returns to its previous square.} (16... Bxc5 $2
{offers White an attack with opposite coloured bishops.} 17. Bxc5 Nh6 18. Nd4
Ba6+ (18... Rxb2 19. Kd2 Re8 20. Rxe8 Kxe8 21. Re1+ Kf7 22. Re7+ Kg6 23. Rc7
Bf5 24. Bf8 $16) 19. Kd2 Rhe8 20. a4 $16 {[%csl Ga5]}) (16... Ke7 $1 {may
simply transpose to the game but it makes sense leaving the e7-square
available for the knight.}) 17. Kd2+ Kf7 18. Na4 $2 {White starts losing the
thread.} (18. Ba7 Rxb2 19. Nd3 Rb7 20. Bc5 Bxc5 21. Nxc5 Rc7 22. Rab1 Ne7 23.
Kc3 $44) 18... Ne7 $6 (18... Bg4 $1 $17 19. Nd4 (19. Ng1 Bf4+ 20. Be3 Bxh2)
19... Rxb6 $1 20. Nxb6 Bc5) 19. b3 (19. Bc5 $5) 19... Bg4 $1 20. Ba7 (20. Bc5
Bxc5 21. Nxc5 Bxf3 22. gxf3 Rb5 23. Nd3 Rc8 24. a4 Rbb8 {[%cal Gc6c5]} 25. Nc5
Rb4 $17 {[%cal Ge7f5,Gb4h4]}) 20... Rb7 (20... Rb5 21. Nd4 Nc8 $1 $17) 21. Bc5
Bf4+ {Black wins a pawn.} (21... Bxc5 22. Nxc5 Rb5 $17 {transposes above.}) 22.
Be3 Bxf3 23. Bxf4 (23. gxf3 Bxh2 24. f4 d4 $1 $19) 23... Bxg2 $17 {White has
finally got the unchallenged control over c5 but this does not offer him
compensation for the pawn as his kingside is also weak.} 24. Nc5 Ra7 25. Rg1
Bh3 26. Rg3 Bf5 27. Re1 Rd8 (27... Ng6 28. Be3 Re7 $17) 28. Rc3 g5 29. Bg3 Ng6
$6 {This offers White some unexpected counterplay.} (29... h5 $17) 30. Na4 h5
$5 (30... Rc8 31. Nb6 {[%csl Gc6]}) (30... Bd7 $5 $15 {looks a bit too passive.
}) 31. Rxc6 h4 32. Bd6 Rad7 33. Bc5 Ne5 34. Rxe5 fxe5 35. Nb6 Rb7 36. Be3 Be6 (
36... Rg8 37. Nxd5) 37. Bxg5 Rh8 38. Na4 Rbb8 39. Nc5 Rbe8 40. Nd3 (40. c3 $5
$15) 40... Kg6 41. f4 (41. Bd8 Kf5 42. Bxa5 Rh7 43. a4 $15) 41... exf4 42. Bxf4
Kf5 43. c4 Rhg8 $17 {Black starts a very dangerous attack an exchange up and
with opposite coloured bishops.} 44. cxd5 Bxd5 45. Rc5 Rg2+ 46. Kc3 Ke4 47. Rc7
(47. Rxa5 Rc8+ 48. Kb4 Kxd3 49. Rxd5+ Ke4 $19) 47... Rxa2 48. Bd6 Be6 49. Rh7
Kd5 50. Bc7 Bf5 51. Rxh4 Re3 52. Rd4+ Kc6 53. Bg3 a4 54. Rd6+ Kb7 55. Rd5 Rxd3+
56. Rxd3 Bxd3 57. Kxd3 a3 58. Be5 Rg2 (58... Rg2 59. Kc4 a2 60. b4 {[%cal
Gc4b3]} Rg1) 0-1

[Event "World Women-ch k.o."]
[Site "Antakya"]
[Date "2010.12.08"]
[Round "2.2"]
[White "Sebag, Marie"]
[Black "Zatonskih, Anna"]
[Result "0-1"]
[WhiteElo "2494"]
[BlackElo "2478"]
[Annotator "Marin,M"]
[PlyCount "118"]
[EventDate "2010.12.04"]
[EventType "k.o."]
[EventRounds "6"]
[EventCountry "TUR"]
[SourceTitle "CBM 140"]
[Source "ChessBase"]
[SourceDate "2011.01.18"]
[SourceVersion "1"]
[SourceVersionDate "2011.01.18"]
[SourceQuality "1"]

1. e4 e6 2. d4 d5 3. Nd2 c5 4. Ngf3 Nc6 5. exd5 exd5 6. Bb5 Bd6 7. dxc5 (7. O-O
cxd4 $1 {restricts White's possibilities by forcing her to occupy the
d4-square with a knight, something she does not want to do in the initial
phase of the main game.} 8. Nb3 Nge7 9. Nbxd4 O-O 10. c3) 7... Bxc5 8. O-O Nge7
9. Nb3 Bd6 10. c3 O-O 11. Bd3 h6 12. h3 {This is considered to be one of the
best ways of meeting Black's setup.} Bf5 13. Be3 {This rare move has the
drawback of obstructing the e-file, which will allow Black install his bishop
on e4, safely defending the isolani and putting pressure on the white kingside.
} (13. Re1 {is supposed to be the most accurate continuation.} Be4 (13... Qd7
$5 {comes into consideration, with the idea of saving a tempo after} 14. Nbd4
Bxd3 15. Qxd3) 14. Nbd4 (14. Bxe4 $2 dxe4 15. Rxe4 $2 Bh2+ $1 $19) 14... Bxd3
15. Qxd3 $14 {Adams,M (2590)-Vaganian,R (2630)/Manila 1990/CBM 019/[Knaak] 
(1-0, 58)}) 13... Re8 14. Nbd4 $146 (14. Re1 {Godena,M (2515)-Lputian,S (2585)/
Reggio Emilia 1998/CBM 063/[Donev] (0-1, 30)} Be4 $5) 14... Be4 15. Re1 Ng6 16.
Bb5 Qd7 17. Bf1 Rad8 $11 {Black has achieved a perfect regrouping and has no
problems at all. In the next phase, she will even start creating dangerous
kingside threats.} 18. Nd2 Bb8 19. Qb3 Nh4 20. g3 Nxd4 21. cxd4 Qf5 22. Qd1 Bf3
(22... Nf3+ 23. Nxf3 Bxf3 $15) 23. Qb3 Be4 24. f4 $6 Qg6 $36 (24... Re6 $5 $40)
25. Kh2 Nf5 26. Bf2 h5 27. Nf3 h4 28. Nxh4 Nxh4 29. gxh4 Bxf4+ 30. Bg3 Qh6 31.
h5 Bxg3+ 32. Qxg3 Qxh5 33. Re3 Rc8 34. Rae1 Re6 35. Qg4 Qxg4 36. hxg4 Rf6 37.
R3e2 g5 38. Bg2 Bxg2 39. Rxg2 Rc4 40. Re7 Rxd4 41. Rxb7 a5 42. b3 Rh6+ 43. Kg1
a4 44. bxa4 Rh4 45. Rb3 Rxa4 46. Rbg3 Rf4 47. a3 Kg7 48. Ra2 Rhxg4 49. Rxg4
Rxg4+ 50. Kf2 Ra4 51. Ke3 Kg6 52. Kd3 g4 53. Kc3 g3 54. Kb3 Rg4 55. Rg2 Kf5 56.
a4 Kf4 57. a5 Kf3 58. Rg1 g2 59. a6 Rg8 0-1